| 000 | 00600nam a2200205Ia 4500 | ||
|---|---|---|---|
| 003 | OSt | ||
| 005 | 20220927105705.0 | ||
| 006 | a|||||r|||| 00| 0 | ||
| 007 | ta | ||
| 008 | 220926b |||||||| |||| 00| 0 eng d | ||
| 024 | _a201561 | ||
| 037 | _cReference Collections | ||
| 040 |
_aRTL _cRTL _beng |
||
| 041 |
_2eng _aeng |
||
| 082 | _a"H.2.N6t4, J0.3/RR" | ||
| 245 | 4 |
_aThe geology of india and burma _b a manual |
|
| 260 |
_acalcutta _bgovernment of india press india _c1964 |
||
| 942 |
_h"H.2.N6t4, J0.3/RR" _cCC |
||
| 999 |
_c693923 _d693923 |
||